Add an 'F' Quiz Stats

Quiz Updated Oct 13, 2016

Also try: Add an 'A'
Challenge
Share
Tweet
Embed
Score 0/20 Timer 05:00
4 Plays Today
Definition Before F added Words % Correct
Not heavylight → flight
96.5%
1/36th of a yardinch → finch
86.9%
Fiber from sheepwool → Woolf
79.3%
Bambi, e.g.deer → defer
78.1%
Having more years thanolder → folder
77.8%
Actress Loretta of M*A*S*HSwit → Swift
77.3%
Not as high aslower → flower
73.8%
Permitallow → fallow
71.7%
Poet Silverstein of 'Where the Sidewalk Ends'Shel → shelf
70.9%
Stringed instrumentlute → flute
70%
Definition Before F added Words % Correct
Away from the shoreinland → Finland
64.8%
French hatberet → bereft
60.2%
Crippledlame → flame
57.8%
A mild cursedrat → draft
57.4%
Result of a meteor strikecrater → crafter
56.5%
Soft cheesebrie → brief
53.6%
Contradict or give a false impressionbelie → belief
42.1%
Ceremonial anointment with oilunction → function
41.6%
The rough part of sandpapergrit → grift
28.4%
Existing in realityactual → factual
23.4%

You're not logged in!

Compare scores with friends on all Sporcle quizzes.
Sign Up with Email
OR
Log In

You Might Also Like...

Show Comments

Extras

Top Quizzes Today


Score Distribution

Your Account Isn't Verified!

In order to create a playlist on Sporcle, you need to verify the email address you used during registration. Go to your Sporcle Settings to finish the process.